| 000 | 00373nam a2200157Ia 4500 | ||
|---|---|---|---|
| 008 | 230917s9999||||xx |||||||||||||| ||und|| | ||
| 040 |
_e135379 _aMAIN |
||
| 041 | _aEnglish | ||
| 082 | _a658 .403 | ||
| 100 | _aDwivedi, D N | ||
| 245 | 0 | _aManegerial economics | |
| 250 | _a6th ed. | ||
| 260 |
_aNew Delhi _bVikas publications _c2006 |
||
| 300 | _a650p p. | ||
| 942 | _cBK | ||
| 999 |
_c209745 _d209745 |
||